[Event "Llinars del Valles Tardor op 6th"]
[Site "Llinars del Valles"]
[Date "2014.11.21"]
[Round "7"]
[White "Martin Perez, Laura"]
[Black "Serrano Cantera, Esteban"]
[Result "1-0"]
[WhiteElo "2212"]
[BlackElo "2012"]
[PlyCount "71"]
[EventDate "2014.10.03"]
[EventType "swiss"]
[EventRounds "8"]
[EventCountry "ESP"]
[SourceTitle "CBM 163 Extra"]
[Source "ChessBase"]
[SourceDate "2014.12.23"]
[SourceVersion "1"]
[SourceVersionDate "2014.12.23"]
[SourceQuality "1"]

1. e4 e6 2. d4 d5 3. Bd3 dxe4 4. Bxe4 Nf6 5. Bf3 c6 6. Bg5 Nbd7 7. Nc3 Qa5 8. Qd2 Nd5 9. Nge2 N7b6 10. 0-0 Nc4 11. Qc1 Bd7 12. Bh4 h6 13. Bg3 Be7 14. Ne4 0-0 15. b3 Ncb6 16. c4 Nf6 17. Nd6 Bc8 18. Rd1 Nbd7 19. Qe3 Ne8 20. Nxc8 Rxc8 21. Nf4 Qf5 22. Be4 Qg5 23. Bc2 Nc7 24. Qe2 Nf6 25. Nd3 Nh5 26. Be5 Nf6 27. Nf4 Ng4 28. Qd3 g6 29. Qe4 Nxe5 30. dxe5 Rfd8 31. Nh3 Qh4 32. Nf4 Qg5 33. g3 Bc5 34. Kg2 Ne8 35. h4 Qf5 36. Qe2 1-0